00642nam a2200229 a 4500001001300000003000900013005001700022008004100039020001000080082001500090100001700105245002000122260004300142300000900185500003500194650001600229700001700245902000800262942000700270952011800277999001700395nice12345678IN_TiNIC20260116015311.0100205s1999 hyda grp 000 0 eng  ac15000a297.8bNAQ aNaqui, Sadiq aEssays in Islam aHyderabad bBab-ul-ilm. Society c1999 a111p aincludes index and biblioraphy aShiah-Islam1 aNaqui, Sadiq bSRS cBK 001040708StackRoom-aHMIbHMId2010-02-05g150.00l0o297.8 NAQp11002116r2010-02-05v150.00w2010-02-05yBK c19142d19142